000 00423nam a2200157Ia 4500
005 20250317140732.0
008 240331s9999 xx 000 0 und d
020 _a9789551810009
082 _bJEY
_a894
100 _aJeyaraja, S
245 0 _aThai molzhi kalvium katpithalum
260 _aSri Lanka
_bIlangai mutpoku kalai ilakkiyap peravai
_c2007
300 _a128 p .,
500 _aThai molzhi valikkalvizi
942 _cL
999 _c4178
_d4178